Missing Word: 'M' US History Quiz Stats

 Plays Quiz Updated Apr 8, 2016

Challenge
Share
Tweet
Embed
Score 0/30 Timer 03:00
0 Plays Today
Hint Answer % Correct
____ Luther King, Jr. - civil rights leaderMartin
99.8%
____ Twain - writerMark
97.8%
____ Monroe - actressMarilyn
95.4%
____ X - civil rights leaderMalcolm
94.5%
____ Washington - First LadyMartha
91.3%
____-Dixon Line - borderMason
89.5%
J.P. ____ - banking magnateMorgan
86.2%
Thurgood ____ - Supreme Court justiceMarshall
85%
____ on Washington - August 28, 1963March
84.3%
Boston ____ - 1770Massacre
83.4%
____-American War - 1846-1848Mexican
81%
____ Davis - jazz musicianMiles
80%
____ Project - nuclear research programManhattan
79.8%
____ Doctrine - 1823Monroe
77.7%
____ Destiny - 19th century beliefManifest
76.5%
Hint Answer % Correct
Arthur ____ - playwrightMiller
72.5%
____ Ali - boxerMuhammad
70.8%
____ Compromise - 1820Missouri
65.6%
Harvey ____ - San Francisco SupervisorMilk
60.3%
____ Bus Boycott - 1955-1956Montgomery
56.6%
Thelonious ____ - jazz musicianMonk
55.4%
Marbury v. ____ - 1803Madison
49.3%
____ Sanger - birth control activistMargaret
47.7%
____ Friedman - economistMilton
41.6%
____ Compact - 1620Mayflower
41.4%
Battle of the ____ and Merrimack - 1862Monitor
36.2%
____ Garvey - black nationalistMarcus
35.2%
____ Passage - slave ship routeMiddle
19.5%
____ Lin - artist and architectMaya
17.3%
Joaquin ____ - Robin Hood of El DoradoMurrieta
3.6%

Today's Daily Dose

You're not logged in!

Compare scores with friends on all Sporcle quizzes.
Join for Free
OR
Log In

You Might Also Like...

Show Comments

Extras

Top Quizzes Today


Score Distribution

Your Account Isn't Verified!

In order to create a playlist on Sporcle, you need to verify the email address you used during registration. Go to your Sporcle Settings to finish the process.

Report this User

Report this user for behavior that violates our Community Guidelines.

Details: